000 00681nam a22002177a 4500
003 0
005 20241122120629.0
008 241122b xxu||||| |||| 00| 0 eng d
020 _a9780323681445
050 _aRT 41
_b.Am43 2025
245 _aAmbulatory surgical nursing /
_cedited by Theresa L. Clifford.
260 _aSt. Louis, Missouri :
_bElsevier,
_c2025.
300 _axii, 334 p. :
_bcol. ill. ;
_c28 cm.
504 _aIncludes bibliographical references and index.
650 _aNursing.
650 _aSurgical nursing.
650 _aAmbulatory medical care.
650 _aAmbulatory surgical nursing.
700 _aClifford, Theresa L.,
_eeditor.
942 _2lcc
_cBK
999 _c366798
_d366798